000 00782nam a2200217 u 4500
005 20220216063402.0
008 160810s2009 r 000 0 eng d
020 _a9786074620436 (Colmex)
020 _a9786077613183 (Instituto Mora)
035 _aUPN01000212209
049 _aCG
050 4 _aF1232
_bV3.2
100 1 _aVázquez, Josefina Zoraida
_929473
245 1 0 _aDos décadas de desilusiones :
_ben busca de una fórmula adecuada de gobierno (1832-1854) /
_cJosefina Zoraida Vázquez.
260 _aMéxico :
_bEl Colegio de México :
_bInstituto Mora,
_c2009.
300 _a158 p.
651 4 _aMEXICO -
_xHISTORIA -
_yFEDERALISMO Y CENTRALISMO, 1824-1853
_924494
651 4 _aMEXICO -
_xPOLITICA Y GOBIERNO -
_y1821-1861
_94436
905 _aLibro
999 _c184309
_d184309